Musicalerías (Registro nro. 301763)

Detalles MARC
000 -ENCABEZADO
Número de control [NR] 01524nam a22002417a 4500
005 - FECHA Y HORA DE LA ÚLTIMA TRANSACCIÓN
control field 20151014092629.0
008 - DE LONGITUD FIJA DE DATOS DE ELEMENTOS - INFORMACIÓN GENERAL
Elementos de longitud fija [NR] 151005k1906 sp ||||fr|||| 000 0 spa d
040 ## - FUENTE DE CATALOGACION [NR]
Quien Cataloga Sandra Yazo
Quien Clasifica Sandra Yazo
041 0# - CODIGO DE IDIOMA [R]
Código de idioma para texto/pista de sonido o título separado [R] Español
082 04 - NUMERO DE CLASIFICACION DECIMAL DEWEY [R]
Número de la edición [NR] 20
Número de clasificación [R] 780
092 ## - SIGNATURA TOPOGRAFICA LOCAL
Número de clasificación local E37N102
100 1# - ASIENTO PRINCIPAL--NOMBRE PERSONAL [NR]
Nombre personal [NR] Pedrell, Felipe
Fechas asociadas con el nombre [NR] 1841-1922
ID Autoridad 72018
245 10 - MENCION DE TITULO [NR]
Título [NR] Musicalerías
Parte restante del título [NR] Selección de artículos escogidos de crítica musical
Mención de responsabilidad, etc. [NR] Felípe Pedrell
260 ## - PUBLICACION, DISTRIBUCION, ETC. (PIE DE IMPRENTA) [R]
Lugar de publicación, distribución, etc. [R] Valencia (ESpaña)
Nombre del editor, distribuidor, etc. [R] F. Sampere y compañía, editores
Fecha de publicación, distribución, etc. [R] 1906?
300 ## - DESCRIPCION FISICA [R]
Extensión [R] vii, 238 páginas
Dimensiones [R] 19 x 13 cm.
500 ## - NOTA GENERAL [R]
Nota general [NR] Detalles físicos: Encuadernación flexible en cartulina. Tapa delantera con datos de publicación impresos, varios sellos de tinta. Ejemplar desencuadernado. Manchas de polvo y humedad. Algunas hojas con roturas, cortes desiguales y en varios tamaños. Falta tapa posterior
505 2# - NOTA DE CONTENIDO CON FORMATO PREESTABLECIDO [R]
Nota de contenido con formato preestablecido [NR] A modo de proemio ; Todos críticos ; Programas de conciertos ; Carta abierta al insigne crítico musical e ilustrado profesor de estética Eduardo Hanslick ; De ciencia Danzaria ; La exhibición ; Música de festejos ; La vihuela y los vihuelista ; Operas nuevas ; Datos para la historia dela ópera en Barcelona ; Nuevo comentario sobre el Parsifal ; Formularios de crítica al uso ; El informacionismo ; Dos tratados técnicos ; Monodia y poliodia ; Crítica batuecas ; Formularios para componer
506 ## - NOTA DE RESTRICCIONES DE ACCESO [R]
Condiciones de acceso [NR] Consulta en sala
650 #7 - ASIENTO SECUNDARIO DE MATERIA - TERMINO TEMATICO [R]
9 (RLIN) 19976
Término temático o nombre geográfico como elemento de entrada [NR] Música
650 #7 - ASIENTO SECUNDARIO DE MATERIA - TERMINO TEMATICO [R]
9 (RLIN) 11297
Término temático o nombre geográfico como elemento de entrada [NR] Composición musical
690 ## - ASUNTO AGREGADO LOCAL DE ENTRADA - TÉRMINO TEMÁTICO (OCLC, RLIN)
9 (RLIN) 42746
Acceso temático local Arte
942 ## - ELEMENTOS DE ENTRADA AGREGADOS (KOHA)
Sistema de clasificación LOCAL
Tipo de ítem principal el descrito en 300a Libro
Edición 1
Clasificación E37N102
Existencias
Suprimido Perdido Sistema de clasificación Dañado No prestable Tipo de ítem específico Ubicación habitual Ubicación actual Localización Fecha de creación Forma de adquisición Costo Total préstamos Signatura topográfica Código de barras Última vez visto Ejemplar Price effective from Tipo de ítem
    LOCAL     Libro archivo Archivo Histórico Archivo Histórico Archivo histórico 05/10/2015 Donación 0.00   E37N102 L005198 05/10/2015 Ej.1 05/10/2015 Libro